Southville International School and Colleges
Your cart is empty.
  • Cart
  • Lists
    Public lists Eva Luna New books Lux_list list_1
    Your lists Log in to create your own lists
  • Log in to your account
  • Your cookies
  • Search history
Southville International School and Colleges
  • Advanced search
  • Recent comments
  • Most popular
  • Libraries

Log in to your account

Log in with GOOGLE


If you do not have an external account, but do have a local account, you can still log in:

  1. Home
  2. MARC view: The Five senses /
Normal view MARC view ISBD view

The Five senses / (Record no. 104710)

[ view plain ]
MARC details
000 -LEADER
fixed length control field 00467nam a2200169 a 4500
005 - DATE AND TIME OF LATEST TRANSACTION
control field 20140412111327.0
008 - FIXED-LENGTH DATA ELEMENTS--GENERAL INFORMATION
fixed length control field 110128s19uu xx 00 eng d
020 ## - INTERNATIONAL STANDARD BOOK NUMBER
International Standard Book Number 0-8120-3567-4
050 ## - LIBRARY OF CONGRESS CALL NUMBER
Classification number TR(GS 612.88
Item number To55 1985
100 ## - MAIN ENTRY--PERSONAL NAME
Personal name Rius, Maria
245 ## - TITLE STATEMENT
Title The Five senses /
Statement of responsibility, etc Maria Rius.
260 ## - PUBLICATION, DISTRIBUTION, ETC. (IMPRINT)
Place of publication, distribution, etc New York :
Name of publisher, distributor, etc Barron's.
300 ## - PHYSICAL DESCRIPTION
Extent unp.
520 ## - SUMMARY, ETC.
Summary, etc A short scientific explanation of our sense of touch.
650 ## - SUBJECT ADDED ENTRY--TOPICAL TERM
Topical term or geographic name as entry element Touch -- senses
Holdings
Withdrawn status Lost status Damaged status Home library Current library Shelving location Date acquired Source of acquisition Total Checkouts Full call number Barcode Date last seen Price effective from Koha item type
      Elizalde Library Elizalde Library Teachers Reference Section 01/28/2011     TR(GS 612.88 To55 1985 E8510 04/12/2014 04/12/2014 Books

The Five senses /

APA

Rius M., .The Five senses. New York: Barron's.

Chicago

Rius Maria, .The Five senses. New York: Barron's.

Harvard

Rius M., .The Five senses. New York: Barron's.

MLA

Rius Maria, .New York: Barron's. .

  • Place hold
  • Print
  • Cite
  • Add to your cart (remove)
  • Save record
    BIBTEX Dublin Core MARCXML MARC (non-Unicode/MARC-8) MARC (Unicode/UTF-8) MARC (Unicode/UTF-8, Standard) MODS (XML) RIS
  • More searches
    Search for this title in:
    Other Libraries (WorldCat) Other Databases (Google Scholar) Online Stores (Bookfinder.com) Open Library (openlibrary.org)

Exporting to Dublin Core...

SOUTHVILLE LIBRARY

Southville International School and Colleges Library

1281 Tropical Ave. Cor. Luxembourg St., BF Homes International, Las Pinas City

Tel. No. 8256374 / 252358 Loc. 117/146

Powered by Koha